[Event "Wellington CC Summer Cup"]
[Site "Wellington"]
[Date "2015.02.26"]
[Round "4"]
[White "Nicholls, Alistair"]
[Black "Forster, William"]
[Result "1-0"]
[WhiteElo "1850"]
[BlackElo "2081"]
[PlyCount "73"]
[EventDate "2015.02.05"]
[EventType "swiss"]
[EventRounds "8"]
[EventCountry "NZL"]
[SourceTitle "EXT 2018"]
[Source "ChessBase"]
[SourceDate "2017.10.13"]
[SourceVersion "1"]
[SourceVersionDate "2017.10.13"]
[SourceQuality "1"]

1. e4 c5 2. Nf3 a6 3. c4 Nc6 4. Nc3 e6 5. d4 cxd4 6. Nxd4 Nf6 7. Be2 Bb4 8. f3 d5 9. Nxc6 bxc6 10. cxd5 exd5 11. exd5 Nxd5 12. Qd3 0-0 13. 0-0 Re8 14. Nxd5 cxd5 15. Bd2 Bc5+ 16. Kh1 a5 17. Qb5 Qd6 18. Bd3 Ba6 19. Qb3 Rab8 20. Qc2 Bxd3 21. Qxd3 Rxb2 22. Rfe1 Reb8 23. Reb1 Qa6 24. Rxb2 Qxd3 25. Rxb8+ Bf8 26. Bxa5 g6 27. Bb4 Qd4 28. Rxf8+ Kg7 29. Rb1 Qd3 30. Re1 Qc4 31. a3 d4 32. h3 d3 33. Rd8 Qc2 34. g4 h5 35. g5 Qf2 36. Bc3+ f6 37. Re7# 1-0

[Event "Wellington CC Autumn Cup-C"]
[Site "Wellington"]
[Date "2014.06.05"]
[Round "4"]
[White "Nicholls, Alistair"]
[Black "Rossiter, Philip E"]
[Result "0-1"]
[WhiteElo "1848"]
[BlackElo "1831"]
[PlyCount "48"]
[EventDate "2014.05.01"]
[EventType "tourn"]
[EventRounds "5"]
[EventCountry "NZL"]
[SourceTitle "EXT 2018"]
[Source "ChessBase"]
[SourceDate "2017.10.13"]
[SourceVersion "1"]
[SourceVersionDate "2017.10.13"]
[SourceQuality "1"]

1. e4 e6 2. d4 d5 3. Nc3 Nf6 4. Bg5 Bb4 5. e5 h6 6. exf6 hxg5 7. fxg7 Rg8 8. Qh5 Qf6 9. Nf3 Qxg7 10. Ne5 Nd7 11. Nxd7 Bxd7 12. a3 Bxc3+ 13. bxc3 c5 14. Qd1 0-0-0 15. a4 c4 16. a5 e5 17. Be2 Rge8 18. 0-0 f5 19. dxe5 Qxe5 20. Bf3 g4 21. Bxd5 Bc6 22. Bxc6 Rxd1 23. Bxe8 Rxf1+ 24. Kxf1 Qxe8 0-1

[Event "Wellington CC Summer Cup"]
[Site "Wellington"]
[Date "2014.04.03"]
[Round "8"]
[White "Brockway, Andrew"]
[Black "Nicholls, Alistair"]
[Result "1/2-1/2"]
[WhiteElo "1769"]
[BlackElo "1848"]
[PlyCount "131"]
[EventDate "2014.01.30"]
[EventType "swiss"]
[EventRounds "8"]
[EventCountry "NZL"]
[SourceTitle "EXT 2018"]
[Source "ChessBase"]
[SourceDate "2017.10.13"]
[SourceVersion "1"]
[SourceVersionDate "2017.10.13"]
[SourceQuality "1"]

1. e4 e5 2. Nf3 Nc6 3. Bb5 f5 4. d3 Bc5 5. Qe2 d6 6. 0-0 Nf6 7. d4 fxe4 8. dxc5 exf3 9. Qxf3 d5 10. Qg3 Qe7 11. Re1 Ne4 12. Qe3 0-0 13. f3 Nd4 14. Bd3 Nf5 15. Qe2 Qxc5+ 16. Be3 Nxe3 17. Qxe3 Qxe3+ 18. Rxe3 Nc5 19. Rxe5 Nxd3 20. cxd3 d4 21. Nd2 b6 22. b4 Bf5 23. Ne4 Rae8 24. Rxe8 Rxe8 25. Rc1 Bxe4 26. fxe4 Re7 27. Rc4 Rd7 28. b5 Kf7 29. Ra4 Ke6 30. Rxa7 Kd6 31. Ra3 Kc5 32. Rb3 Rd8 33. Rb2 Ra8 34. Rc2+ Kxb5 35. Rxc7 Rxa2 36. Rc4 Ra4 37. Rc2 Ra3 38. Rd2 Kc5 39. Kf2 b5 40. Ke2 b4 41. Rc2+ Rc3 42. Kd2 Kb5 43. Rc1 Ra3 44. e5 b3 45. e6 Ra7 46. Re1 Re7 47. Kc1 Kc5 48. Kb2 Kd5 49. Kxb3 Rxe6 50. Rxe6 Kxe6 51. Kc4 Ke5 52. Kc5 g5 53. g4 Kf4 54. Kxd4 Kxg4 55. Ke3 Kh3 56. d4 g4 57. d5 Kxh2 58. d6 g3 59. d7 g2 60. d8Q g1Q+ 61. Ke2 Qg4+ 62. Kf1 h5 63. Qd2+ Kh3 64. Qe3+ Qg3 65. Qxg3+ Kxg3 66. Kg1 1/2-1/2

[Event "Wellington CC Summer Cup"]
[Site "Wellington"]
[Date "2014.02.20"]
[Round "3"]
[White "Nicholls, Alistair"]
[Black "Wight, Joshua"]
[Result "1-0"]
[WhiteElo "1848"]
[BlackElo "1253"]
[PlyCount "51"]
[EventDate "2014.01.30"]
[EventType "swiss"]
[EventRounds "8"]
[EventCountry "NZL"]
[SourceTitle "EXT 2018"]
[Source "ChessBase"]
[SourceDate "2017.10.13"]
[SourceVersion "1"]
[SourceVersionDate "2017.10.13"]
[SourceQuality "1"]

1. e4 e5 2. Nf3 Nc6 3. d4 exd4 4. Bc4 Be7 5. c3 dxc3 6. Nxc3 d6 7. 0-0 Nf6 8. h3 b6 9. Qe2 0-0 10. Rd1 Qe8 11. Nd5 Nxd5 12. Bxd5 Bb7 13. Be3 Qc8 14. Bd4 Re8 15. Be3 Bd8 16. Qc4 Rf8 17. Bxc6 Ba6 18. Qd5 Rb8 19. e5 Be2 20. exd6 Bxf3 21. Qxf3 cxd6 22. Qg3 g6 23. Rxd6 Be7 24. Qe5 f6 25. Bd5+ Kg7 26. Qxe7+ 1-0

[Event "Wellington CC Autumn Cup-C"]
[Site "Wellington"]
[Date "2012.05.29"]
[Round "5"]
[White "Brockway, Andrew"]
[Black "Nicholls, Alistair"]
[Result "0-1"]
[WhiteElo "1813"]
[BlackElo "1760"]
[PlyCount "68"]
[EventDate "2012.05.01"]
[EventType "tourn"]
[EventRounds "5"]
[EventCountry "NZL"]
[SourceTitle "EXT 2018"]
[Source "ChessBase"]
[SourceDate "2017.10.13"]
[SourceVersion "1"]
[SourceVersionDate "2017.10.13"]
[SourceQuality "1"]

1. e4 e5 2. Nf3 f5 3. Bc4 fxe4 4. Nxe5 d5 5. Qh5+ g6 6. Nxg6 Nf6 7. Qe5+ Be7 8. Nxe7 Qxe7 9. Qxe7+ Kxe7 10. Be2 Rg8 11. g3 Nc6 12. c3 Ne5 13. b3 b6 14. h3 Nd3+ 15. Bxd3 exd3 16. c4 d4 17. b4 c5 18. bxc5 bxc5 19. Na3 Bb7 20. 0-0 a6 21. Rb1 Bf3 22. Re1+ Be2 23. Rb7+ Ke6 24. Rb6+ Ke5 25. f4+ Kf5 26. g4+ Nxg4 27. hxg4+ Rxg4+ 28. Kh2 Rag8 29. Rh6 Kxf4 30. Rh3 Rg2+ 31. Kh1 Bf3 32. Rxf3+ Kxf3 33. Bb2 R8g6 34. Rf1+ Kg3 0-1

[Event "Wellington CC Autumn Cup-C"]
[Site "Wellington"]
[Date "2012.05.22"]
[Round "4"]
[White "Nicholls, Alistair"]
[Black "Hewson, Michael"]
[Result "1-0"]
[WhiteElo "1760"]
[BlackElo "1799"]
[PlyCount "29"]
[EventDate "2012.05.01"]
[EventType "tourn"]
[EventRounds "5"]
[EventCountry "NZL"]
[SourceTitle "EXT 2018"]
[Source "ChessBase"]
[SourceDate "2017.10.13"]
[SourceVersion "1"]
[SourceVersionDate "2017.10.13"]
[SourceQuality "1"]

1. e4 e5 2. Nf3 d6 3. d4 Nf6 4. Nc3 Bg4 5. dxe5 Bxf3 6. Qxf3 dxe5 7. Bg5 Bb4 8. Rd1 Qe7 9. Bb5+ c6 10. Bc4 Nbd7 11. 0-0 0-0 12. Ne2 Ba5 13. Ng3 Bc7 14. Nf5 Qe8 15. Bh6 1-0

[Event "Wellington CC-chB"]
[Site "Wellington"]
[Date "2010.09.07"]
[Round "7"]
[White "Kay, Bruce"]
[Black "Nicholls, Alistair"]
[Result "1-0"]
[WhiteElo "1738"]
[BlackElo "1740"]
[PlyCount "112"]
[EventDate "2010.07.27"]
[EventType "tourn"]
[EventRounds "9"]
[EventCountry "NZL"]
[SourceTitle "EXT 2018"]
[Source "ChessBase"]
[SourceDate "2017.10.13"]
[SourceVersion "1"]
[SourceVersionDate "2017.10.13"]
[SourceQuality "1"]

1. d4 Nf6 2. c4 e6 3. Nc3 Bb4 4. e3 0-0 5. Bd3 c5 6. Nf3 d5 7. 0-0 cxd4 8. exd4 dxc4 9. Bxc4 a6 10. Bg5 b5 11. Bb3 Bb7 12. Qe2 Be7 13. a3 Nc6 14. Rad1 Qc8 15. Bc2 h6 16. Bxf6 Bxf6 17. d5 exd5 18. Nxd5 Bd8 19. Rfe1 Ne7 20. Nxe7+ Bxe7 21. Qd3 g6 22. Rxe7 Bxf3 23. gxf3 Qc5 24. Rd7 Rac8 25. Bb3 Qg5+ 26. Kh1 Rc1 27. Qe3 Rxd1+ 28. Rxd1 Qf6 29. Qc3 Qf5 30. Bc2 Qe6 31. Be4 Rc8 32. Qd2 Qf6 33. Qd4 Qg5 34. Qd2 Qh4 35. Qd7 Rc5 36. Qd8+ Qxd8 37. Rxd8+ Kg7 38. Rd2 a5 39. Rc2 Re5 40. b4 axb4 41. axb4 f5 42. Bc6 Re1+ 43. Kg2 Rb1 44. Bxb5 Rxb4 45. Be8 Rb6 46. Rc7+ Kf6 47. Rh7 Kg5 48. Rg7 Re6 49. Bb5 Kh5 50. Rc7 Rf6 51. Rc6 Rxc6 52. Bxc6 Kg5 53. Kg3 f4+ 54. Kh3 Kh5 55. Be8 Kg5 56. Bf7 Kh5 1-0